书目信息 |
| 题名: |
数学分析(第三版·下册)同步辅导及习题全解
|
|
| 作者: | 焦艳芳 主编 | |
| 分册: | ||
| 出版信息: | 北京 中国水利水电出版社 2009.08 |
|
| 页数: | 290页 | |
| 开本: | 23cm | |
| 丛书名: | 九章丛书 | |
| 单 册: | ||
| 中图分类: | O17 | |
| 科图分类: | ||
| 主题词: | 数学分析--高等学校--教学参考资料 | |
| 电子资源: | ||
| ISBN: | 978-7-5084-6665-1 | |
| 000 | 00993nam 2200253 450 | |
| 001 | 012009620167 | |
| 005 | 20100809093151.51 | |
| 010 | @a978-7-5084-6665-1@dCNY18.80 | |
| 100 | @a20100515d2009 em y0chiy0110 ea | |
| 101 | 0 | @achi |
| 102 | @aCN@b110000 | |
| 105 | @aa z 000yy | |
| 200 | 1 | @a数学分析(第三版·下册)同步辅导及习题全解@Ashu xue fen xi(di san ban·xia ce)tong bu fu dao ji xi ti quan jie@f焦艳芳主编 |
| 210 | @a北京@c中国水利水电出版社@d2009.08 | |
| 215 | @a290页@c图@d23cm | |
| 225 | 2 | @a九章丛书 |
| 300 | @a高校经典教材同步辅导丛书 | |
| 330 | @a本书按教材内容,对各章的重点、难点做了较深刻的分析。针对各章节全部习题给出详细解题过程,并附以“知识点窍”和“逻辑推理”,思路清晰、逻辑性强,循序渐进地帮助读者分析并解决问题,各章还附有典型例题与解题技巧,以及历年考研真题评析。 | |
| 410 | 0 | @12001 @a九章丛书 |
| 606 | 0 | @a数学分析@x高等学校@j教学参考资料 |
| 690 | @aO17@v4 | |
| 701 | 0 | @a焦艳芳@Ajiao yan fang@4主编 |
| 801 | 0 | @aCN@c20100515 |
| 905 | @dO17@eJ670:2@f5 | |
| 数学分析(第三版·下册)同步辅导及习题全解/焦艳芳主编.-北京:中国水利水电出版社,2009.08 |
| 290页:图;23cm.-(九章丛书) |
| 高校经典教材同步辅导丛书 |
| ISBN 978-7-5084-6665-1:CNY18.80 |
| 本书按教材内容,对各章的重点、难点做了较深刻的分析。针对各章节全部习题给出详细解题过程,并附以“知识点窍”和“逻辑推理”,思路清晰、逻辑性强,循序渐进地帮助读者分析并解决问题,各章还附有典型例题与解题技巧,以及历年考研真题评析。 |
| ● |
| 相关链接 |
|
|
|
正题名:数学分析(第三版·下册)同步辅导及习题全解
索取号:O17/J670:2
 
预约/预借
| 序号 | 登录号 | 条形码 | 馆藏地/架位号 | 状态 | 备注 |
| 1 | 999869 | 209998699 | 自科库401/401自科库 43排2列5层/ [索取号:O17/J670:2] | 在馆 | |
| 2 | 999870 | 209998706 | 自科库401/401自科库 43排2列5层/ [索取号:O17/J670:2] | 在馆 | |
| 3 | 999871 | 209998715 | 自科库401/401自科库 43排2列5层/ [索取号:O17/J670:2] | 在馆 | |
| 4 | 999872 | 209998724 | 自科库401/401自科库 43排2列5层/ [索取号:O17/J670:2] | 在馆 | |
| 5 | 999873 | 209998733 | 自科库401/401自科库 43排2列5层/ [索取号:O17/J670:2] | 在馆 |